| 000 | 01494cam a2200133 4500500 | ||
|---|---|---|---|
| 005 | 20251214011700.0 | ||
| 041 | _afre | ||
| 042 | _adc | ||
| 100 | 1 | 0 |
_aDufour, Éric _eauthor |
| 245 | 0 | 0 | _aLe cinéma de science-fiction |
| 260 |
_bArmand Colin,
_c2011. |
||
| 520 | _aQuand le cinéma de science-fiction est-il né ? Quelles sont les formes qu’il a prises avant de s‘imposer comme un genre à part entière ? Que peut-on y lire et que nous apprend-il du regard que nous portons sur le monde qui nous entoure ? De ses débuts comme genre dans l’Amérique des années 1950 jusqu’à aujourd’hui, toutes les facettes de ce cinéma sont ici décrites et analysées selon des angles résolument novateurs. Grâce à de très nombreux exemples, nous découvrons comment, de la peur atomique des années de Guerre froide à l’émergence, trente ans plus tard, du cyberpunk, les films de science-fiction nous éclairent sur les évolutions technologiques et esthétiques de leur époque. Dans un second temps, l’ouvrage propose une typologie des figures visuelles et narratives, depuis l’imagerie du voyage dans l’espace ou celle de l’extraterrestre jusqu’à la critique sociale et politique, et montre combien ce genre cinématographique, qui est création d’un monde, est fondé sur la désorientation de l’homme face à ses propres repères. | ||
| 856 | 4 | 1 | _uhttps://shs.cairn.info/le-cinema-de-science-fiction--9782200270339?lang=fr&redirect-ssocas=7080 |
| 999 |
_c1569761 _d1569761 |
||